| 000 | 00528nam a2200181Ia 4500 | ||
|---|---|---|---|
| 001 | 17136 | ||
| 005 | 20260306170403.0 | ||
| 008 | 260306t2018||||xx |||||||||||||| ||und|| | ||
| 041 | _aESP | ||
| 082 |
_a657.46 _bL99 |
||
| 100 |
_aLuque Livón, Liz Vanessa _eAUT |
||
| 245 | 0 |
_aEmisión de comprobantes de pago electrónicos: _b(facturas, boletas, guías de remisión, notas de crédito, nota de débito) |
|
| 260 | _c2018 | ||
| 300 |
_a46 páginas : _c24 cm. |
||
| 650 | _aGEN | ||
| 654 | _aCCO | ||
| 942 |
_cLIB _dJUS _fJUS _2ddc _n |
||
| 999 |
_c17136 _d17136 |
||